Úloha celosvetových noriem pri globalizácii z hľadiska produktovej politiky
Medzinárodná normalizačná organizácia - ISO. Kvalita noriem vytvára predpoklad kvality hospodárstva. Úžitok zo zavedených medzinárodných noriem, úloha noriem v priemysle. ISO pomáha rozvojovým a transformujúcim sa krajinám - strategický výbor na sledovanie potrieb rozvojových krajín. Akčný plán pre...
Gespeichert in:
| 1. Verfasser: | |
|---|---|
| Format: | Buchkapitel |
| Sprache: | Slowakisch |
| Schlagworte: | |
| Tags: |
Keine Tags, Fügen Sie das erste Tag hinzu!
|
MARC
| LEADER | 00000naa$a2200000$$$4500 | ||
|---|---|---|---|
| 001 | 0048510 | ||
| 005 | 20240502071546.6 | ||
| 041 | 0 | |a slo | |
| 044 | |a SK | ||
| 245 | 1 | 0 | |a Úloha celosvetových noriem pri globalizácii z hľadiska produktovej politiky |c Emil Roman |
| 520 | |a Medzinárodná normalizačná organizácia - ISO. Kvalita noriem vytvára predpoklad kvality hospodárstva. Úžitok zo zavedených medzinárodných noriem, úloha noriem v priemysle. ISO pomáha rozvojovým a transformujúcim sa krajinám - strategický výbor na sledovanie potrieb rozvojových krajín. Akčný plán pre rozvojové krajiny 2005-2010. Význam noriem v súčasnom globalizujúcom sa svete. | ||
| 610 | 2 | 0 | |a organizácie medzinárodné |
| 610 | 2 | 0 | |a normy |
| 610 | 2 | 0 | |a normy ISO |
| 610 | 2 | 0 | |a normy medzinárodné |
| 610 | 2 | 0 | |a produkty |
| 610 | 2 | 0 | |a kvalita |
| 610 | 2 | 0 | |a globalizácia |
| 610 | 2 | 0 | |a krajiny rozvojové |
| 100 | 1 | |a Roman, Emil | |